| 000 | 00000nas 2200000zi 4500 |
| 001 | 9.941426 |
| 003 | CaOODSP |
| 005 | 20250314150925 |
| 006 | m o d f |
| 007 | cr ||||||||||| |
| 008 | 240802d18921969oncar p o f0###b0fre|d |
| 040 | |aCaOODSP|bfre|erda|cCaOODSP |
| 043 | |an-cn--- |
| 086 | 1 |aC1F-PDF |
| 110 | 1 |aCanada. |bMinistère du commerce, |eauteur, |eorganisme de publication. |
| 245 | 10|aRapport annuel du Ministère du commerce ... |
| 246 | 3 |aRapport annuel, Ministère du commerce |
| 246 | 3 |iCertains livraisons comportent le titre : |aRapport du Ministère du commerce ... |
| 264 | 1|a[Ottawa] : |bMinistère du Commerce, |c1894-1970. |
| 310 | |aAnnuel |
| 336 | |atexte|btxt|2rdacontent/fre |
| 337 | |ainformatique|bc|2rdamedia/fre |
| 338 | |aressource en ligne|bcr|2rdacarrier/fre |
| 362 | 1 |aParaît depuis 1892/1893; ne paraît plus après 1969. |
| 500 | |aPublié aussi en anglais sous le titre : Annual report of the Department of Trade and Commerce. |
| 500 | |aL'année du rapport varie. |
| 500 | |aÉdition numérisée de l'imprimé [par Innovation, Sciences et Développement économique Canada]. |
| 515 | |aRapport combiné publié pour 1932/1933 à 1948/1949; 1949 à 1955; 1956 à 1959; 1960 à 1964; le rapport de 1969 couvre la période de janvier à mars 1969. |
| 610 | 10|aCanada. |bMinistère du commerce,|ePériodiques |
| 651 | 6|aCanada|xCommerce|vPériodiques. |
| 655 | 7|aPériodiques|2rvmgf |
| 775 | 08|tAnnual report of the Department of Trade and Commerce ...|w(CaOODSP)9.941427 |
| 785 | 00|tRapport annuel du Ministère de l'Industrie et du Commerce.|w(CaOODSP)9.872040 |